000 01149nab a22002417a 4500
999 _c6070
_d6070
003 OSt
005 20260121010615.0
008 190514b xxu||||| |||| 00| 0 spa d
040 _cPJ
100 _96846
_aFerrara, Natalia
245 1 0 _aDel tiempo tirano de la justicia /
_cNatalia Ferrara.
300 _ap. 163-172
500 _aCita: TR LALEY AR/DOC/986/2024.
505 _aSumario: I. A. G. y W. G.— II. Plataforma fáctica.— III. Situación de adoptabilidad y plazo razonable.— IV. De la adopción y particularidades del caso.— V. A modo de cierre.
505 _tFallo comentado: CFamilia, Mendoza ~ 20/09/2023 ~ Compulsa Expdte. 41258 Eti por los niños A. R. A. G. y A. R. S. W. G. por control de legalidad.
650 0 _9967
_aDERECHO DE FAMILIA
650 0 _92741
_aDERECHOS DE LAS NIÑAS, NIÑOS Y ADOLESCENTES
650 0 _93874
_aPROCESOS DE FAMILIA
650 0 _91956
_aPLAZOS PROCESALES
650 0 _91057
_aJURISPRUDENCIA APLICABLE
773 0 _02844
_93222
_dBuenos Aires : AbeledoPerrot, 1989-
_tDerecho de familia. Revista Interdisciplinaria de doctrina y jurisprudencia. Junio 2024-III.
_z18511201
942 _2udc
_cANA